Classement du Ballon d'Or 2024 - Statistiques

Statistiques générales
  • Ce quiz a été pris 1 895 fois
  • Le résultat moyen est 21 sur 30
Statistiques - réponses
Rang Nationalité Réponse % Correct
1 Espagne Rodri
97%
6 France Kylian Mbappé
95%
2 Brésil Vinicius Junior
95%
5 Norvège Erling Haaland
94%
3 Angleterre Jude Bellingham
93%
8 Espagne Lamine Yamal
89%
7 Argentine Lautaro Martinez
87%
10 Angleterre Harry Kane
85%
18 Argentine Emiliano Martinez
84%
4 Espagne Dani Carvajal
80%
9 Allemagne Toni Kroos
76%
12 Allemagne Florian Wirtz
74%
19 Norvège Martin Odegaard
73%
11 Angleterre Phil Foden
73%
17 Uruguay Federico Valverde
72%
14 Nigéria Ademola Lookman
68%
22 Allemagne Antonio Rüdiger
67%
21 Angleterre Bukayo Saka
67%
27 Portugal Vitinha
66%
24 France William Saliba
66%
15 Espagne Nico Williams
65%
25 Angleterre Cole Palmer
60%
23 Portugal Ruben Dias
57%
26 Angleterre Declan Rice
49%
28 Espagne Alejandro Grimaldo
47%
13 Espagne Dani Olmo
40%
20 Turquie Hakan Calhanoglu
39%
29 Ukraine Artem Dovbyk
36%
29 Allemagne Mats Hummels
35%
16 Suisse Granit Xhaka
23%
Aucun quiz correspondant
Distribution des résultats
% des personnes avec chaque résultat
Percentile par nombre de réponses
Votre historique - résultats
Vous n’avez pas pris ce quiz